[Event "Oberliga Bayern 9899"]
[Site "Bayern"]
[Date "1999.03.14"]
[Round "6.8"]
[White "Niessen, Helga"]
[Black "Karasek, Christian"]
[Result "0-1"]
[WhiteElo "2070"]
[BlackElo "2000"]
[PlyCount "104"]
[EventDate "1998.10.11"]
[EventType "team-tourn"]
[EventRounds "9"]
[EventCountry "GER"]
[SourceTitle "EXT 2020"]
[Source "ChessBase"]
[SourceDate "2019.10.17"]
[SourceVersion "1"]
[SourceVersionDate "2019.10.17"]
[SourceQuality "1"]
[WhiteTeam "Regensburg Fortuna"]
[BlackTeam "Erlangen TB"]
[WhiteTeamCountry "GER"]
[BlackTeamCountry "GER"]

1. Nf3 f5 2. c4 Nf6 3. Nc3 e6 4. g3 d5 5. d4 c6 6. Bg2 Bd6 7. Rb1 0-0 8. b4 dxc4 9. Nd2 Nd5 10. Bb2 Bxb4 11. Qc2 Qa5 12. Rc1 Bxc3 13. Bxc3 Qxc3 14. Qxc3 Nxc3 15. Rxc3 b5 16. 0-0 a6 17. Nf3 Rd8 18. a4 Ra7 19. Rb1 Nd7 20. Ng5 Nb6 21. a5 Nd5 22. Rc2 Rc7 23. Rd1 Nb4 24. Rb2 c5 25. e3 Nd3 26. Rbd2 cxd4 27. Bf1 dxe3 28. fxe3 h6 29. Nf3 Rcd7 30. Rc2 Nb4 31. Rxd7 Rxd7 32. Rb2 Nc6 33. Ra2 e5 34. Kf2 e4 35. Nd2 Nb4 36. Rb2 Nd3+ 37. Bxd3 exd3 38. Nb1 Rb7 39. Rb4 Be6 40. Ke1 Kf8 41. Kd2 Ke7 42. Kc3 Kd6 43. Kd4 g5 44. Nd2 h5 45. Nf3 Rg7 46. Kc3 Bd7 47. Rb2 Kd5 48. Rf2 Re7 49. Nxg5 Rxe3 50. Rf4 Kc5 51. Nf3 Re4 52. Ng5 Re2 0-1